[Event "Valby K41 Spring-B"]
[Site "Valby"]
[Date "2010.03.24"]
[Round "3"]
[White "Weber, John"]
[Black "Christensen, Lars1111"]
[Result "1-0"]
[WhiteElo "1791"]
[BlackElo "1711"]
[PlyCount "25"]
[EventDate "2010.03.09"]
[EventType "tourn"]
[EventRounds "7"]
[EventCountry "DEN"]
[SourceTitle "EXT 2023"]
[Source "ChessBase"]
[SourceDate "2022.10.05"]
[SourceVersion "1"]
[SourceVersionDate "2022.10.05"]
[SourceQuality "1"]

1. f4 d5 2. d4 Nf6 3. e3 c5 4. Nf3 Nc6 5. c3 e6 6. Bd3 Be7 7. Nbd2 0-0 8. Ne5 Qc7 9. 0-0 b6 10. Rf3 a5 11. Rh3 Ba6 12. Bxh7+ Nxh7 13. Qh5 1-0

[Event "Valby K41 Spring-B"]
[Site "Valby"]
[Date "2010.03.16"]
[Round "2"]
[White "Sorensen, Dick"]
[Black "Weber, John"]
[Result "1-0"]
[WhiteElo "1810"]
[BlackElo "1791"]
[PlyCount "105"]
[EventDate "2010.03.09"]
[EventType "tourn"]
[EventRounds "7"]
[EventCountry "DEN"]
[SourceTitle "EXT 2023"]
[Source "ChessBase"]
[SourceDate "2022.10.05"]
[SourceVersion "1"]
[SourceVersionDate "2022.10.05"]
[SourceQuality "1"]

1. d4 e6 2. c4 f5 3. Nf3 Nf6 4. Nc3 Be7 5. g3 c6 6. d5 cxd5 7. cxd5 Qa5 8. d6 Bd8 9. Bg2 Nc6 10. 0-0 Bb6 11. a3 0-0 12. Na4 Ne4 13. Nxb6 Qxb6 14. Rb1 Nd8 15. Be3 Qxd6 16. Qxd6 Nxd6 17. Bc5 N8f7 18. Rfd1 Ne4 19. Bxf8 Kxf8 20. Nd2 Nc5 21. Rbc1 Na4 22. b3 Nb6 23. e4 fxe4 24. Nxe4 d5 25. Nc5 Ke7 26. Re1 Kd6 27. a4 Ne5 28. a5 Nbd7 29. f4 b6 30. fxe5+ Nxe5 31. axb6 axb6 32. Na4 Rb8 33. Nb2 Bd7 34. Red1 b5 35. Nd3 Nc6 36. Nf2 Rf8 37. Ne4+ Kc7 38. Nc5 Bc8 39. Re1 Kd6 40. Bh3 Nd4 41. Re3 g5 42. b4 h5 43. Rf1 Re8 44. Rf6 g4 45. Bg2 Re7 46. Ra3 Nc2 47. Ra8 Bd7 48. Nxd7 Rxd7 49. Rb8 Re7 50. Rxb5 d4 51. Be4 Nxb4 52. Rxb4 Ke5 53. Rf4 1-0

[Event "Valby K41 Spring-B"]
[Site "Valby"]
[Date "2009.03.17"]
[Round "1"]
[White "Nielsen, Jorgen Holmstrom"]
[Black "Weber, John"]
[Result "0-1"]
[WhiteElo "1614"]
[BlackElo "1702"]
[PlyCount "46"]
[EventDate "2009.03.17"]
[EventType "tourn"]
[EventRounds "7"]
[EventCountry "DEN"]
[SourceTitle "EXT 2023"]
[Source "ChessBase"]
[SourceDate "2022.10.05"]
[SourceVersion "1"]
[SourceVersionDate "2022.10.05"]
[SourceQuality "1"]

1. Nc3 e5 2. Nf3 Nc6 3. d4 exd4 4. Nxd4 Bc5 5. Nxc6 bxc6 6. Bf4 Qf6 7. e3 Bb6 8. Bd3 d5 9. 0-0 g5 10. Bg3 h5 11. Qf3 Qxf3 12. gxf3 h4 13. Be5 f6 14. Bg6+ Kf8 15. Bd4 c5 16. Bxc5+ Bxc5 17. Nxd5 c6 18. Nc3 Kg7 19. Be4 Ne7 20. a3 g4 21. b4 Bb6 22. b5 f5 23. bxc6 fxe4 0-1